000 00622nam a2200229Ia 4500
003 OSt
005 20220918173930.0
006 a|||||r|||| 00| 0
007 ta
008 220917b |||||||| |||| 00| 0 eng d
024 _a9,282
037 _cTextual
040 _aARTS
_cARTS
_beng
041 _2eng
_aeng
082 _aAv2.C, 111M6.1-.2(P15)
245 0 _aFounders of sciences in ancient India
260 _aDelhi
_bGovindram Hasanodd
_c1986
500 _aContents v 1 (353p) v 2 (675p)
650 _aSCIENCE
942 _hAv2.C, 111M6.1-.2(P15)
_cTEXL
_2CC
999 _c150980
_d150980